000 00280nam a2200121Ia 4500
008 211105s9999 xx 000 0 und d
020 _aVYASA10161
100 _aMani Vettam
245 0 _aPuranic Encyclopaedia
250 _a\N
260 _bMotilal Banarsidass
_c\N
300 _a922p.
999 _c6769
_d6769